00580nam a2200157Ia 4500100002000000942000700020654002000027245002800047260003400075082001200109300000800121546001200129999001700141952013200158952013200290 aShinskey/ F.G.  cBK aProcess control aProcess Control Systems bMc Graw HillaSingaporec1988 a660.281 a525 aENGLISH c31488d31488 001040708CRCaCRCEbCRCEc1426 | 28d2023-03-17eglobal booksg363.54l0o660.281 p5526r2023-03-17v363.54w2023-03-17yBK 001040708CRCaCRCEbCRCEc1426 | 28d2023-03-17eglobal booksg363.54l0o660.281 p5527r2023-03-17v363.54w2023-03-17yBK